Manual SAS por computadora : análisis estadísticos de datos experimentales / (Record no. 168031)
[ view plain ]
| 000 -CABECERA | |
|---|---|
| campo de control de longitud fija | 00940nam a2200301Ia 4500 |
| 001 - NÚMERO DE CONTROL | |
| campo de control | Z_4976 |
| 003 - IDENTIFICADOR DEL NÚMERO DE CONTROL | |
| campo de control | CHAP |
| 008 - DATOS DE LONGITUD FIJA--INFORMACIÓN GENERAL | |
| campo de control de longitud fija | 220113s2=00 xx 000 0 und d |
| 010 ## - NÚMERO DE CONTROL DE LA BIBLIOTECA DEL CONGRESO | |
| Número de control de LC | 168031 |
| 020 ## - NÚMERO INTERNACIONAL ESTÁNDAR DEL LIBRO | |
| Número Internacional Estándar del Libro | 968-24-6494-3 |
| 040 ## - FUENTE DE LA CATALOGACIÓN | |
| Centro/agencia transcriptor | CHAP |
| 082 ## - NÚMERO DE LA CLASIFICACIÓN DECIMAL DEWEY | |
| Número de clasificación | 630.20121 R43 |
| 100 ## - ENTRADA PRINCIPAL--NOMBRE DE PERSONA | |
| Nombre de persona | Rebolledo Robles, Héctor Hugo |
| 9 (RLIN) | 94964 |
| 245 ## - MENCIÓN DE TÍTULO | |
| Título | Manual SAS por computadora : análisis estadísticos de datos experimentales / |
| Mención de responsabilidad, etc. | Héctor Hugo Rebolledo Robles |
| 260 ## - PUBLICACIÓN, DISTRIBUCIÓN, ETC. | |
| Lugar de publicación, distribución, etc. | México : |
| Nombre del editor, distribuidor, etc. | Trillas, |
| Fecha de publicación, distribución, etc. | 2002 |
| 300 ## - DESCRIPCIÓN FÍSICA | |
| Extensión | 208 p. |
| 503 ## - NOTA DE HISTORIA BIBLIOGRÁFICA (BK CF MU) [OBSOLETO] | |
| Nota de historia bibliográfica | ej.1: C/E \ ej.2: C/E \ ej.3: C/E \ ej.4: C/E \ ej.5: s/n \ ej.6: s/n \ ej.7: s/n \ ej.8: s/n \ ej.9: s/n |
| 504 ## - NOTA DE BIBLIOGRAFÍA, ETC. | |
| Nota de bibliografía, etc. | Bibliografía: p.195 |
| 650 ## - PUNTO DE ACCESO ADICIONAL DE MATERIA--TÉRMINO DE MATERIA | |
| Término de materia o nombre geográfico como elemento de entrada | Agricultura |
| Subdivisión general | Métódos estadísticos |
| 9 (RLIN) | 1745 |
| 650 ## - PUNTO DE ACCESO ADICIONAL DE MATERIA--TÉRMINO DE MATERIA | |
| Término de materia o nombre geográfico como elemento de entrada | Procesamientos electrónico de datos |
| Subdivisión general | Agricultura |
| 9 (RLIN) | 142288 |
| 650 ## - PUNTO DE ACCESO ADICIONAL DE MATERIA--TÉRMINO DE MATERIA | |
| Término de materia o nombre geográfico como elemento de entrada | SAS |
| 9 (RLIN) | 142289 |
| 901 ## - ELEMENTOS DE DATOS A LOCAL LDA (RLIN) | |
| a | 630.20121 R43 |
| 902 ## - ELEMENTOS DE DATOS B LOCAL, LDB (RLIN) | |
| a | M |
| 910 ## - DATOS DE OPCIÓN DEL USUARIO (OCLC) | |
| Datos de opción del usuario | 2=00 |
| 942 ## - ELEMENTOS DE PUNTO DE ACCESO ADICIONAL (KOHA) | |
| Tipo de ítem Koha | Libro_ |
| 942 ## - ELEMENTOS DE PUNTO DE ACCESO ADICIONAL (KOHA) | |
| Tipo de ítem Koha | |
| Estado de retiro | Estado de pérdida | Fuente del sistema de clasificación o colocación | Estado dañado | No para préstamo | Código de colección | Localización permanente | Ubicación/localización actual | Ubicación en estantería | Fecha de adquisición | Código de barras | Fecha visto por última vez | Número de copia | Precio válido a partir de | Tipo de ítem Koha | Total de préstamos | Fecha del último préstamo |
|---|---|---|---|---|---|---|---|---|---|---|---|---|---|---|---|---|
| Dewey Decimal Classification | General | Zootecnia | Zootecnia | 09/11/2005 | z_4817 | 18/01/2022 | 1 | 18/01/2022 | Libro | |||||||
| Dewey Decimal Classification | General | Zootecnia | Zootecnia | 25/07/2008 | z_5521 | 24/03/2023 | 2 | 18/01/2022 | Libro | 1 | 24/03/2023 | |||||
| Dewey Decimal Classification | General | Zootecnia | Zootecnia | 25/07/2008 | z_5522 | 18/01/2022 | 3 | 18/01/2022 | Libro | |||||||
| Dewey Decimal Classification | General | Zootecnia | Zootecnia | 25/07/2008 | z_5523 | 18/01/2022 | 4 | 18/01/2022 | Libro | |||||||
| Dewey Decimal Classification | General | Zootecnia | Zootecnia | 09/05/2013 | z_6073 | 18/01/2022 | 5 | 18/01/2022 | Libro | |||||||
| Dewey Decimal Classification | General | Zootecnia | Zootecnia | 09/05/2013 | z_6074 | 18/01/2022 | 6 | 18/01/2022 | Libro | |||||||
| Dewey Decimal Classification | General | Zootecnia | Zootecnia | 09/05/2013 | z_6075 | 18/01/2022 | 7 | 18/01/2022 | Libro | |||||||
| Dewey Decimal Classification | General | Zootecnia | Zootecnia | 09/05/2013 | z_6076 | 10/02/2025 | 8 | 18/01/2022 | Libro | 1 | 10/02/2025 | |||||
| Dewey Decimal Classification | General | Zootecnia | Zootecnia | 09/05/2013 | z_6077 | 18/01/2022 | 9 | 18/01/2022 | Libro |
